000 00876nam a2200193Ii 4500
003 JO-AjNU
008 230605s9999||||xx |||||||||||||| ||und||
040 _aJO-AjNU
_bara
_erda
_cJO-AjNU
041 _aara
050 1 4 _aHD30.15.1971
100 3 _a تأليف هـ. جوهانسون، أندرو روبرتسون ؛ نقله عن الإنكليزي نبيه غطاس,
_eauthor
_929938
245 0 0 _aمعجم مصطلحات الإدارة : إنكليزي-عربي
264 3 1 _aبيروت: مكتبة لبنان، 1971
300 _a154ص
_bيشتمل على مسرد مصطلحات بالألفاظ العربية، ويشتمل على مسرد مصطلحات بالألفاظ العربية
336 _atext
_btxt
_2rdacontent
337 _aunmediated
_bn
_2rdamedia
338 _avolume
_bnc
_2rdacarrier
650 4 _aالإدارة -- معجم مصطلحات 
_929939
999 _aA11806
_c15374
_d15374